000 01205cam a2200157 4500500
005 20260201080419.0
041 _afre
042 _adc
100 1 0 _aSobel, Richard
_eauthor
245 0 0 _aLes sciences sociales peuvent-elles faire l'économie d'une anthropologie générale ?
260 _c2005.
500 _a68
520 _aJosette DEBROUX, The Creation of the French Ruralists Association : A Strategy for the Revalorization of Rural Studies ? The creation of the French Ruralists Association in 1974, by well-known sociologists and ethnologists who intended to organize and create « rural social sciences », can be interpreted as a strategy designed to revalorize a research field. The point of view of the founders relative to the state of « rural studies », congruent with the political and administrative point of view of the social sciences, reveals certain charactistics of this research field and the positions and dispositions of those who (or who claim to) represent it.
786 0 _nL'Homme & la Société | 155 | 1 | 2005-03-01 | p. 179-194 | 0018-4306
856 4 1 _uhttps://shs.cairn.info/revue-l-homme-et-la-societe-2005-1-page-179?lang=fr&redirect-ssocas=7080
999 _c1640172
_d1640172